Business mathematics (Record no. 5858)

MARC details
000 -LEADER
fixed length control field 00509cam a2200205ua 4500
001 - CONTROL NUMBER
control field 6715
005 - DATE AND TIME OF LATEST TRANSACTION
control field 20260515114108.0
008 - FIXED-LENGTH DATA ELEMENTS--GENERAL INFORMATION
fixed length control field 140308n ii |||gr||||Z||||||eng
040 ## - CATALOGING SOURCE
Transcribing agency MAIN
082 ## - DEWEY DECIMAL CLASSIFICATION NUMBER
Classification number 510
245 ## - TITLE STATEMENT
Title Business mathematics
Statement of responsibility, etc. By P.P. Gupta
250 ## - EDITION STATEMENT
Edition statement 2nd ed.
260 ## - PUBLICATION, DISTRIBUTION, ETC.
Place of publication, distribution, etc. New delhi:
Name of publisher, distributor, etc. S. Chand & company ltd,
Date of publication, distribution, etc. 1988.
300 ## - PHYSICAL DESCRIPTION
Extent x,418p.
653 ## - INDEX TERM--UNCONTROLLED
Uncontrolled term Mathematics
653 ## - INDEX TERM--UNCONTROLLED
Uncontrolled term Business mathematics
700 ## - ADDED ENTRY--PERSONAL NAME
Personal name Gupta,P.P.,
Relator term Author.,
700 ## - ADDED ENTRY--PERSONAL NAME
Personal name Malik,G.S.,
Relator term Author.
942 ## - ADDED ENTRY ELEMENTS (KOHA)
Koha item type Books
Holdings
Withdrawn status Lost status Damaged status Not for loan Home library Current library Shelving location Date acquired Total checkouts Full call number Barcode Date last seen Copy number Price effective from Koha item type
        Naharkatiya College Library Naharkatiya College Library General stacks 09/19/2020   510 | GUP 13493 09/19/2020 2 09/19/2020 Books
        Naharkatiya College Library Naharkatiya College Library General stacks 09/19/2020   510 | GUP 13499 09/19/2020 1 09/19/2020 Books